Contra el método : Esquema de una teoría anarquista del conocimiento /

সংরক্ষণ করুন:
গ্রন্থ-পঞ্জীর বিবরন
প্রধান লেখক: Feyerabend, Paul K., 1924-
বিন্যাস: অজ্ঞাত
ভাষা:Spanish
প্রকাশিত: Barcelona, España : Ediciones Orbis, S. A., 1974.
বিষয়গুলি:
ট্যাগগুলো: ট্যাগ যুক্ত করুন
কোনো ট্যাগ নেই, প্রথমজন হিসাবে ট্যাগ করুন!

MARC

LEADER 000000000a22000000004500
001 009922
020 |a 847530656 
041 0 |a spa 
082 0 4 |a 121   |b F434c 
100 1 |a Feyerabend, Paul K.,   |d 1924- 
245 1 0 |a Contra el método :   |b Esquema de una teoría anarquista del conocimiento /   |c Paul K. Feyerabend. 
260 1 |a Barcelona, España :   |b Ediciones Orbis, S. A.,   |c 1974. 
300 |a 20 páginas ;   |c 18 cm. 
650 4 |a CIENCIA 
650 4 |a TEORIA DEL CONOCIMIENTO 
999 |c 15913  |d 15913 
942 |c BK  |h 121 F434c  |2 z